000 00609nam a22001817a 4500
999 _c166001
_d166001
005 20190709172048.0
010 _aENG-125873
020 _a9789385462689
_c595.00
035 _aEN-109405
037 _bDBAD/PUB
082 _a332.642
100 _aVinod Kumar
245 _aInvesting in stock markets /
_cby Vinod Kumar [and] Raj Sethi Nangia
260 _aNew Delhi
_bAne Books
_c2017
270 _a4821, Parwana Bhawan, 1st Floor, 24 Ansari Road, Daryaganj
_bNew Delhi
_e110002
_k011-23276843-44
_mkapoor@anebooks.com
300 _aviii,170p.
_c24cm(Hb)
942 _2ddc
_cEN
_h332.642
_mVIN